000 00538nam a2200193Ia 4500
003 LDD
008 181029s9999 xx 000 0 und d
020 _a918180302121
_c975.00
040 _cLDD
100 _aSingh, Seema
245 0 _aExperiments in physics
_cSeema Singh
260 _aNew Delhi
_bCampus Books
_c2010
300 _ax, 349p.
365 _b975.00
901 _a6298
_b28-09-2010
902 _aSBS/D/170/2010
_b27-10-2010
_cF
_dSBS
_e53
903 _aDiscount-15
_bReqst by : S. Gokhale
942 _2ddc
_cBK
999 _c93110
_d93110